Economic problems and planning in Pakistan : (Record no. 5075)
[ view plain ]
| 000 -LEADER | |
|---|---|
| fixed length control field | 00854cam a2200301 4500 |
| 001 - CONTROL NUMBER | |
| JCCL Control Number | 5075 |
| 003 - CONTROL NUMBER IDENTIFIER | |
| JCCL marc code | BD-JhCC |
| 005 - DATE AND TIME OF LATEST TRANSACTION | |
| control field | 20171207191010.0 |
| 008 - FIXED-LENGTH DATA ELEMENTS--GENERAL INFORMATION | |
| fixed length control field | 710702s1969 pk b 000 0 eng d |
| 035 ## - SYSTEM CONTROL NUMBER | |
| system control number | MITb10422704 |
| 035 ## - SYSTEM CONTROL NUMBER | |
| system control number | (OCoLC)00148397 |
| 035 ## - SYSTEM CONTROL NUMBER | |
| system control number | (BD-JhCC)5075 |
| 040 ## - CATALOGING SOURCE | |
| Original cataloging agency | DLC |
| Transcribing agency | DLC |
| Modifying agency | m/c |
| -- | BD-JhCC |
| 041 ## - LANGUAGE CODE | |
| Language code of Book | eng |
| 050 0# - LIBRARY OF CONGRESS CALL NUMBER | |
| Classification number | HC440.5 |
| Item number | .M3 1970 |
| 082 ## - DEWEY DECIMAL CLASSIFICATION NUMBER | |
| Classification number | 330.954904 |
| Author mark and Year | MAN 1969 |
| 090 ## - LOCALLY ASSIGNED LC-TYPE CALL NUMBER (OCLC); LOCAL CALL NUMBER (OCLC) | |
| Local cutter number (OCLC) ; Book number/undivided call number, CALL (RLIN) | .M282 1970 |
| 100 1# - MAIN ENTRY--PERSONAL NAME | |
| Personal name | Mannan, M. A. |
| 245 10 - TITLE STATEMENT | |
| Title | Economic problems and planning in Pakistan : |
| Remainder of title | for B.A., M.A., & C.S.S. examinees / |
| Statement of responsibility, etc | [by] M. A. Mannan. |
| 250 ## - EDITION STATEMENT | |
| Edition statement | [4th rev. ed.] |
| 260 ## - PUBLICATION, DISTRIBUTION, ETC. (IMPRINT) | |
| Place of publication, distribution, etc | Lahore : |
| Name of publisher, distributor, etc | Ferozsons, |
| Date of publication, distribution, etc | 1969 |
| 300 ## - PHYSICAL DESCRIPTION | |
| Pagination | v, 461 p. |
| Dimensions | 22 cm. |
| 504 ## - BIBLIOGRAPHY, ETC. NOTE | |
| Bibliography, etc | Includes bibliographies. |
| 651 #0 - SUBJECT ADDED ENTRY--GEOGRAPHIC NAME | |
| Geographic name | Pakistan |
| General subdivision | Economic policy. |
| 651 #0 - SUBJECT ADDED ENTRY--GEOGRAPHIC NAME | |
| Geographic name | Pakistan |
| General subdivision | Economic conditions. |
| 942 ## - ADDED ENTRY ELEMENTS (KOHA) | |
| Source of classification or shelving scheme | Dewey Decimal Classification |
| Koha item type | Books |
| Source of classification or shelving scheme | Damaged status | Not for loan | Home library | Current library | Shelving location | Date of accession | Total Checkouts | Full call number | Barcode | Date last seen | Copy number | Koha item type |
|---|---|---|---|---|---|---|---|---|---|---|---|---|
| Dewey Decimal Classification | JCC Rouf Library | JCC Rouf Library | General Stacks | 12/07/2017 | 330.954904 MAN 1969 | 7112 | 12/07/2017 | C-1 | Books |